Biblioteca

"Contestación" sin cisma en la Iglesia medieval (Registro nro. 69830)

Detalles MARC
000 -LÍDER
Campo fijo de descripción fija 01431nab a2200229 i 4500
001 - NÚMERO DE CONTROL
Campo de control 768714001
003 - IDENTIFICADOR DEL NÚMERO DE CONTROL
Campo de control CO-MdFUSB
005 - FECHA Y HORA DE LA ULTIMA TRANSACCIÓN
control field 20240522115735.0
008 - ELEMENTOS DE LONGITUD FIJA -- INFORMACIÓN GENERAL
Campo fijo de descripción fija -- Información general 240522t1973 sp ||||| |||| 00| 0 spa d
040 ## - FUENTE DE CATALOGACIÓN
Idioma de catalogación spa
Agencia que realiza la transcripción CO-MdFUSB
Agencia que realiza la modificación CO-MdFUSB
041 ## - CÓDIGO DE IDIOMA
Código de idioma para texto/pista de sonido o título separado spa
100 ## - ASIENTO PRINCIPAL--NOMBRE PERSONAL
Nombre personal Chenu, Marie-Dominique,
Término relacionador autor
245 ## - TÍTULO
Título "Contestación" sin cisma en la Iglesia medieval
Mención de responsabilidad / Marie Dominique Chenu ; traducido por Juan José del Moral
520 ## - NOTA DE RESUMEN, ETC.
Nota de sumario, etc. Este artículo no está dedicado a especular abstractamente sobre las nociones de herejía, dogma, ortodoxia, se observa los hechos, los comportamientos del pueblo de Dios constituido en Iglesia durante el período crítico de los siglos XII y XIII; pues la Iglesia en acto es un lugar teológico cuya densidad concreta no desautoriza ciertamente los criterios teóricos, sino que confiere a las categorías jurídicas y autoritarias cierto relativismo, conforme tanto con la realidad social del hombre como con la verdad del evangelio.
650 #0 - ASIENTO SECUNDARIO DE MATERIA - TERMINO TEMÁTICO
Término temático o nombre geográfico como elemento de entrada Iglesia
Subdivisión general Historia
Subdivisión cronológica Edad Media, 600-1500
9 (RLIN) 941
650 #7 - ASIENTO SECUNDARIO DE MATERIA - TERMINO TEMÁTICO
Término temático o nombre geográfico como elemento de entrada Herejías cristianas
9 (RLIN) 350
650 #7 - ASIENTO SECUNDARIO DE MATERIA - TERMINO TEMÁTICO
Término temático o nombre geográfico como elemento de entrada Pluralismo religioso
9 (RLIN) 446
700 ## - ENTR. SECUNDARIA - Nombre Personal (R)
Nombre de persona Moral, Juan Jose del,
Término indicativo de función traductor
773 0# - ASIENTO DE ITEM FUENTE
Biblionumber 49450
Itemnumber 82668
Otro identificador del ítem R2578
Título Revista internacional de teología Concilium
Número de control del registro (CO-MdFUSB)8
Número Internacional Normalizado para Publicaciones Seriadas (ISSN) 0210-1041
Parte(s) relacionada(s) / Volumen., número. (mes año), páginas Número 88, (septiembre - octubre, 1973), páginas: 209 - 219
Enumeración y primera página página: 209
942 ## - TIPO DE MATERIAL (KOHA)
Tipo de Item KOHA Artículos de Revista
945 ## - INFORMACIÓN LOCAL DEL REGISTRO
Catalogador Catherine Arias Alvarez - Practicante SENA

No hay ítems disponibles.

Biblioteca FUSBC | Teléfono: (57+4) 349 88 10 Ext. 141| WhatsApp (+57) 3005338115 
E-mail: biblioteca@unisbc.edu.co | Calle 76 87-14 Robledo Palenque, Medellín, Colombia

Con tecnología Koha